000 00743nam a22002177a 4500
003 UA-OsUOA
001 135555
007 ta
008 20190204b un ||||| |||| 00| 0 ukr d
100 _aСелівестров В. В.
090 _a330(477)
_bС29
942 _cSA
040 _aUA-OsUOA
_bukr
_cUA-OsUOA
_dUA-OsUOA
245 _aОсобливості впливу короткострокових процентних ставок на витрати як ключового елементу монетарної політики
300 _aС.72-85
955 _a0
041 _aukr
080 _a330(477)
773 0 _w135552
_tФінанси України
_dК.
_d2018
_g12
650 7 _a330 Економіка взагалі
_2UDC
999 _c416375
_d416375